Statistics for All 32 NFL teams in abc order

Click here to take the quiz!

General Stats

  • This quiz has been taken 28 times
  • The average score is 25 of 31

Answer Stats

MascotTeam Name% Correct
Big RedArizona Cardinals
96%
Staley Da BearChicago Bears
96%
FreddieAtlanta Falcons
91%
ChompsCleveland Browns
91%
RowdyDallas Cowboys
91%
RoaryDetroit Lions
91%
Who DeyCincinnati Bengals
87%
KC WolfKansas City Chiefs
87%
Victor VikingMinnesota Vikings
87%
Pat PatriotNew England Patriots
87%
PoeBaltimore Ravens
83%
Sir PurrCarolina Panthers
83%
Jaxon De VilleJacksonville Jaguars
83%
BoltmanLos Angels Chargers
83%
Sir Saint And Gumbo My favorite nfl teamNew Orleans Saints
83%
Steely McBeamPittsburgh Steelers
83%
ToroHouston Texans
78%
RusherLas Vegas Raiders
78%
No MascotNew York Giants
78%
No MascotNew York Jets
78%
Sourdough SamSan Francisco 49ers
78%
Captain FearTampa Bay Buccaneers
78%
BlueIndianapolis Colts
74%
RampageLos Angles Rams
74%
SwoopPhiladelphia Eagles
74%
T-RacTennessee Titans
74%
No MascotGreen Bay Packers
70%
BlitzSeattle Seahawks
65%
T.DMiami Dolphins
61%
The FootballWashington Football
57%
BillyBilly Buffalo
52%

Score Distribution

Percentile by Number Answered

Percent of People with Each Score

Your Score History

You have not taken this quiz